000 00962naa a22002777a 4500
001 BR8900162
003 BR-BrBNA
005 20240918180356.0
007 ta
008 230509b bl.||||| |||| 00| 0 por d
040 _aBR-BrBNA
_bpor
_cBiblioteca Nacional de Agricultura
041 _a(Pt)
072 _aA50; F30
_b1845
090 _aA50 BR8900162
100 1 _aHeredia, M. do C.V. de
100 1 _aZarate, N.A.H.
111 1 _a1. Simposio Brasileiro sobre Capsicum
_cDourados, MS (Brazil)
_d26-27 Apr 1988
245 1 _aResultados obtidos de pesquisas com pimentao
260 3 _aDourados, MS (Brasil):
_c1988.
500 _a1. Simposio Brasileiro sobre Capsicum Dourados, MS (Brasil): 1988. p. 50-80 (BR8900162-AM)A50
650 _aPIMENTAO
650 _aPESQUISA AGRICOLA
773 0 _t1. Simposio Brasileiro sobre Capsicum
_wA50 BR8900162
_gDourados, MS (Brasil), 1988. p. 50-80
909 _a202404
_bLucia
_c55
_dLucia Elande
942 _cAM
_2AGRIS
999 _c320039
_d320039